Evaluación de impacto ambiental: un instrumento preventivo para la gestión ambiental
Kaydedildi:
| Yazar: | |
|---|---|
| Materyal Türü: | Kitap |
| Dil: | İspanyolca |
| Baskı/Yayın Bilgisi: |
Madrid
Mundi-Prensa
2002
|
| Konular: | |
| Etiketler: |
Etiketle
Etiket eklenmemiş, İlk siz ekleyin!
|
MARC
| LEADER | 00000nam a2200000 a 4500 | ||
|---|---|---|---|
| 001 | UCL4605 | ||
| 003 | CL-VaPUC | ||
| 008 | 040116e20020000SP |||||||||||||||||spa|d | ||
| 020 | |a 8484760847 | ||
| 082 | 0 | 4 | |a 363.7 |b GOM |2 21 |
| 100 | |a Gómez Orea, Domingo |e author |9 579881 | ||
| 245 | 1 | 0 | |a Evaluación de impacto ambiental: un instrumento preventivo para la gestión ambiental |
| 300 | |a 749 p | ||
| 942 | |c BK | ||
| 945 | |d 20040116 00:00:00 |a cmena | ||
| 260 | |a Madrid |b Mundi-Prensa |c 2002 | ||
| 650 | 0 | |a Medio ambiente |9 257625 | |
| 650 | 0 | |a Gestión ambiental |9 338121 | |
| 650 | 7 | |a PLANIFICACION AMBIENTAL |2 CL-VaPUC |9 337987 | |
| 650 | 0 | |a Impacto ambiental |9 262796 | |
| 583 | |a last modification |c 20040116 00:00:00 |k Rodrigo Vera | ||
| 999 | |c 307425 |d 307423 | ||